| 000 | 00593nam a2200193 a 4500 | ||
|---|---|---|---|
| 001 | BRCA_3830 | ||
| 005 | 20190320204435.0 | ||
| 008 | 900910s1991----ja-a#####c---#000-0#spa-u | ||
| 020 | _a9686533303 | ||
| 041 | _aspa | ||
| 044 | _aja | ||
| 050 | 4 |
_aN582 _b.M87 1991 |
|
| 245 | 1 | 0 |
_aMuseo J. Paul Getty _bguía de las colecciones. |
| 260 |
_aKyoto, Japón _bArtes de México _c1995 |
||
| 300 |
_a245 p. _bil. (algunas a color) _c24 cm. |
||
| 610 | 2 | 4 |
_aJ. Paul Getty Museum _vGuías _zCalifornia (Estados Unidos) _99972 |
| 650 | 1 | 4 |
_aArte _vGuías _zCalifornia (Estados Unidos) _99973 |
| 942 |
_2lcc _cB |
||
| 999 |
_c3558 _d3558 |
||